Quiz su Nauru - Statistics

Statistiche generali
  • Questo quiz è stato fatto 462 volte
  • Il punteggio medio è 9 su 15
Statistiche sulle risposte
Hint Risposta % Corretto
Sottoregione a cui appartiene Nauru {Micro}nesia
92%
Numero di isole di cui è composta Nauru 1
81%
Nauru è l'unico paese al mondo a non averne una vera e propria Capitale
79%
Paese che ha poi amministrato Nauru fino all'indipendenza dell'isola nel 1968 Australia
77%
Il 61% delle persone di Nauru sono ____, il tasso più alto al mondo Obese
73%
Paese che ha invaso nel 1942, rapendo gran parte della popolazione maschile adulta per il lavoro forzato Giappone
68%
Considerando lo status del Principato di Monaco e della Città del Vaticano, Nauru è la più piccola ________del mondo Repubblica
63%
Centro più popoloso Yaren
59%
Sport nazionale, che si gioca su un campo ovale in squadre di 18 giocatori {Football} Australiano
58%
Per questo motivo il 40% della popolazione soffre di questo disturbo metabolico, il più alto del mondo Diabete
55%
Lo rappresenta la linea gialla sulla bandiera Equatore
48%
Malattia che ha ucciso circa il 18% della popolazione nel 1920 Influenza spagnola
41%
Antico nome di Nauru che in italiano significa "Isola Piacevole" {Pleasant} island
29%
Dal 2001 al 2018, l'Australia ha detenuto questo tipo di persone a Nauru Immigrati
28%
Tipo di estrazione mineraria che ha distrutto circa l'80% della superficie di Nauru Miniere di {Fosfati}
26%
Nessun quiz corrispondente trovato
Distribuzione punteggi
Percentuale di utenti per punteggio
Percentile per numero di risposta
I tuoi punteggi nel tempo
Non hai fatto questo quiz